El dinero de la basura.
Reciclaje de la basura. Regeneración de materias primas y energía con los deshechos. Elaboración de la cerveza. Estiércol animal. Gusanos y lombrices: el medio orgánico de fertilizar. Las cenizas. Espuma de caucho. Etc.
Guardado en:
| Formato: | |
|---|---|
| Series: | Frágil planeta tierra
|
| Materias: | |
| Etiquetas: |
Agregar Etiqueta
Sin Etiquetas, Sea el primero en etiquetar este registro!
|
| LEADER | 01063ngm a22003015g 4500 | ||
|---|---|---|---|
| 001 | CEM.cems021899 | ||
| 008 | 130507b1993##################0###0#####d | ||
| 005 | 20240919150406.0 | ||
| 245 | 0 | 0 | |a El dinero de la basura. |
| 300 | |a 26'. | ||
| 490 | 0 | |a Frágil planeta tierra | |
| 500 | |a En soporte VHS, consultar en ventanilla. | ||
| 538 | |a Soporte: VHS - Norma: Pal N - Color - Grabación DRD 1993 - Hitachi=4670 | ||
| 520 | |a Reciclaje de la basura. Regeneración de materias primas y energía con los deshechos. Elaboración de la cerveza. Estiércol animal. Gusanos y lombrices: el medio orgánico de fertilizar. Las cenizas. Espuma de caucho. Etc. | ||
| 082 | 5 | 7 | |. 5/TIE |
| 653 | |a ECOLOGIA | ||
| 653 | |a CONSERVACION | ||
| 653 | |a FERTILIZANTES | ||
| 653 | |a BASURA | ||
| 653 | |a CERVEZA | ||
| 653 | |a ESTIERCOL ANIMAL | ||
| 653 | |a GUSANOS | ||
| 653 | |a LOMBRICES | ||
| 653 | |a CENIZAS | ||
| 653 | |a ANIMALES | ||
| 653 | |a NIVEL PRIMARIO | ||
| 653 | |a NIVEL SECUNDARIO | ||
| 859 | |a CEMS |b BIB. CEMS - Depto. Recursos Didacticos |h 574.5 |i TIE |k DRD |p 542.12 |t Ej.1 | ||
